[Event "Open"]
[Site "Bastia FRA"]
[Date "2003.10.31"]
[Round "9"]
[White "Tregubov,P"]
[Black "Klinova,M"]
[Result "1-0"]
[WhiteElo "2635"]
[BlackElo "2378"]

1.d4 d6 2.Nf3 g6 3.g3 Bg7 4.Bg2 Nf6 5.c4 O-O 6.O-O c6 7.Nc3 Qa5 8.e4 Qh5
9.Ng5 h6 10.Qxh5 Nxh5 11.Nf3 Nd7 12.Rd1 a6 13.Be3 e5 14.dxe5 dxe5 15.Bh3 Nhf6
16.Rd6 Re8 17.Rad1 Nf8 18.Bxc8 Raxc8 19.Bxh6 Bxh6 20.Rxf6 Ne6 21.Rd7 Nc5
22.Rdxf7 Bg7 23.Nh4 Bxf6 24.Rxf6 Nd3 25.b3 Rcd8 26.Rxg6+ Kh7 27.Rg5 b5 28.Nf5 bxc4
29.bxc4 Nb2 30.Rg7+ Kh8 31.Rg6 Nd1 32.Nxd1 Rxd1+ 33.Kg2 Ra1 34.Rxc6 Rxa2
35.g4 Rb8 36.Rh6+ Kg8 37.Rf6 a5 38.g5 a4 39.g6 Rb7 40.Rd6 Rb8 41.Rd7 Rc2
42.Nh6+  1-0

[Event "WYg16"]
[Site "Halkidiki GRE"]
[Date "2003.11.01"]
[Round "10"]
[White "Morales Mendoza,L"]
[Black "Szczepkowska,K"]
[Result "0-1"]
[WhiteElo "2062"]
[BlackElo "2162"]

1.d4 Nf6 2.Nf3 g6 3.c4 Bg7 4.g3 d6 5.Bg2 O-O 6.O-O Bg4 7.h3 Bxf3 8.Bxf3 Nc6
9.Nc3 Nd7 10.e3 e5 11.Ne2 Qf6 12.Bxc6 bxc6 13.b3 exd4 14.exd4 Rfe8 15.Bb2 Qf5
16.Kh2 Nf6 17.Rc1 Ne4 18.Qc2 Bh6 19.f4 Qd7 20.d5 c5 21.Rce1 f5 22.Nc3 Nf6
23.Kg2 Bg7 24.Bc1 h5 25.Be3 h4 26.gxh4 Nh5 27.Nd1 Bf6 28.Kf3 Bxh4 29.Bf2 Bf6
30.Rg1 Kf7 31.Ne3 Re4 32.Ng2 Rae8 33.Rh1 c6 34.Qd2 Bd4 35.Rxe4 fxe4+ 36.Ke2 e3
37.Bxe3 Bxe3 38.Nxe3 Ng3+ 39.Kf3 Nxh1 40.Kg2 Qe7  0-1

[Event "3rd Rohde Open"]
[Site "Sautron FRA"]
[Date "2003.11.01"]
[Round "8"]
[White "Ionescu,Cr"]
[Black "Gouliev,N"]
[Result "1-0"]
[WhiteElo "2242"]
[BlackElo "2457"]

1.Nf3 Nf6 2.c4 g6 3.d4 Bg7 4.g3 O-O 5.Bg2 d6 6.O-O Nbd7 7.Nc3 e5 8.e4 c6
9.b3 exd4 10.Nxd4 Re8 11.h3 Nc5 12.Re1 a5 13.Rb1 Qe7 14.Bf4 Nfd7 15.Be3 Ne5
16.Re2 f5 17.exf5 gxf5 18.f4 Ned3 19.Nxc6 Qxe3+ 20.Rxe3 Rxe3 21.Nd5 Re1+
22.Qxe1 Nxe1 23.Nce7+ Kf8 24.Rxe1 Bd7 25.Nc7 Rb8 26.Ned5 b5 27.Nxb5 Bxb5
28.cxb5 Rxb5 29.Nc7 Rb4 30.Re8+ Kf7 31.Bd5+ Kg6 32.Bc4 h5 33.Kg2 a4 34.Nd5 Rb7
35.b4 Ne4 36.Ne7+ Kf6 37.Ng8+ Kg6 38.Ne7+ Kf6 39.Nc6 Kg6 40.Re7 Rb6 41.Rc7 Bf6
42.Bf7+ Kh6 43.Be6 Kg6 44.Kf3 Nc3 45.g4 hxg4+ 46.hxg4 fxg4+ 47.Kxg4 Kh6 48.Bf5 Bg7
49.Nd8  1-0

[Event "1st Chesspangenberg Open"]
[Site "Buenos Aires ARG"]
[Date "2003.11.05"]
[Round "2"]
[White "Del Cuadro,N"]
[Black "Fiorito,F"]
[Result "0-1"]
[WhiteElo "2186"]
[BlackElo "2420"]

1.Nf3 g6 2.c4 Bg7 3.d4 d6 4.g3 Nf6 5.Bg2 O-O 6.O-O Nbd7 7.Nc3 e5 8.e3 Re8
9.a4 a5 10.b3 exd4 11.exd4 c6 12.Ra2 Nb8 13.d5 c5 14.Re2 Rxe2 15.Qxe2 Ne8
16.Re1 Bd7 17.Ne4 Na6 18.h3 Qb6 19.Qd1 h6 20.g4 Nb4 21.Bf4 g5 22.Bh2 f5 23.gxf5 Bxf5
24.Nfd2 Qc7 25.Ng3 Bc2 26.Qe2 Nd3 27.Qe6+ Qf7 28.Qxf7+ Kxf7 29.Re6 Nf4 30.Re1 Bd4
31.Kf1 Bc3 32.Be4 Bxd2 33.Bxc2 Bxe1 34.Kxe1 Nxh3 35.Nf5 Nf4 36.Nxh6+ Ke7
37.Nf5+ Kd7 38.Ng3 Nf6 39.Bf5+ Kc7 40.Ne4 Nxe4 41.Bxe4 Rh8 42.Bg3 Nh5 43.Kf1 Nxg3+
44.fxg3 Re8  0-1

[Event "ch-UKR"]
[Site "Simferopol UKR"]
[Date "2003.11.05"]
[Round "2"]
[White "Malaniuk,V"]
[Black "Pavlov,S2"]
[Result "1-0"]
[WhiteElo "2525"]
[BlackElo "2301"]

1.d4 Nf6 2.Nf3 g6 3.c4 Bg7 4.g3 O-O 5.Bg2 d6 6.O-O c6 7.Nc3 Qa5 8.Nd2 Qh5
9.e4 Bg4 10.f3 Bh3 11.Nb3 Nfd7 12.Qe1 f5 13.exf5 Bxg2 14.Kxg2 Qxf5 15.Qxe7 Nb6
16.c5 dxc5 17.dxc5 Nd5 18.Nxd5 Qxd5 19.Bf4 Rf7 20.Qe2 Nd7 21.Rad1 Qf5 22.Bd6 g5
23.Rfe1 Nf6 24.Nd4 Qg6 25.Qd3 Qxd3 26.Rxd3 Nd5 27.a3 h6 28.b4 a6 29.Nb3 Bf8
30.Bxf8 Raxf8 31.Re4 Rd7 32.Rdd4 Rdf7 33.Rd3 Rd7 34.Kf1 Rfd8 35.Na5 Nf6 36.Rxd7 Rxd7
37.Re3 Rd1+ 38.Kf2 Nd5 39.Rb3 Rd2+ 40.Kg1 Rd1+ 41.Kg2 Rd2+ 42.Kf1 Rxh2 43.g4 Kf7
44.Nxb7 Ke6 45.Na5 Kd7 46.Nc4 Nf4 47.Nb6+ Kd8 48.Re3 Rh1+ 49.Kf2 Rc1 50.Rb3 Rc2+
51.Ke3 Re2+ 52.Kd4 Ne6+ 53.Kc4 Nf4 54.Rc3 Rd2 55.Re3 Rb2 56.Kc3 Rb1 57.Kc2 Rf1
58.Kb3 Ra1 59.Ka4 Ng2 60.Rd3+ Kc7 61.Ka5 Ne1 62.Rd7+ Kb8 63.Nc4 Nc2 64.Kb6 Kc8
65.Kxc6  1-0

[Event "ch-IND A Women"]
[Site "Calicut IND"]
[Date "2003.11.10"]
[Round "3"]
[White "Meenakshi,S"]
[Black "Saheli,N"]
[Result "1-0"]
[WhiteElo "2288"]
[BlackElo "2127"]

1.d4 Nf6 2.Nf3 g6 3.c4 Bg7 4.g3 d6 5.Bg2 O-O 6.O-O Nc6 7.Nc3 e5 8.dxe5 Nxe5
9.Nxe5 dxe5 10.Bg5 Qxd1 11.Rfxd1 c6 12.Na4 h6 13.Be3 Bf5 14.Rac1 Rfd8 15.Nc5 Rxd1+
16.Rxd1 Rb8 17.h3 b6 18.Na6 Rc8 19.Nb4 Bd7 20.c5 bxc5 21.Bxc5 Bf8 22.Nd3 e4
23.Bxf8 Kxf8 24.Nc5 Ke7 25.Nxd7 Rd8 26.Rd6 Kxd6 27.Nxf6 Kc7 28.Nxe4 f5 29.Nc3 Rd2
30.Na4 Rxe2 31.Bf1 Re5 32.Kg2 Kd6 33.Bc4 g5 34.Kf3 Re1 35.Nc3 Ke5 36.Ne2 Rb1
37.b3 Rh1 38.Bd3 Ra1 39.a4 Ra3 40.Bc4 Ra1 41.Ke3 Re1 42.f4+ Kf6 43.Kf2 Rd1
44.Kf3 Rf1+ 45.Kg2 Rd1 46.Kf2 Kg6 47.a5 Ra1 48.a6 Rd1 49.Ke3 Rd7 50.Bd3 Kf6
51.Nd4 c5 52.Nxf5 gxf4+ 53.gxf4 Rd8 54.Nxh6 Rb8 55.Ng4+ Ke7 56.Bc4 Rh8 57.f5 Rxh3+
58.Kf4 Rc3 59.f6+ Kd6 60.f7 Ke7 61.Ne5  1-0

[Event "15th Open"]
[Site "Leuven BEL"]
[Date "2003.11.10"]
[Round "7"]
[White "Bagaturov,G"]
[Black "Golubev,M"]
[Result "1/2-1/2"]
[WhiteElo "2424"]
[BlackElo "2536"]

1.d4 Nf6 2.c4 g6 3.Nf3 Bg7 4.g3 O-O 5.Bg2 d6 6.O-O Nbd7 7.Nc3 e5 8.e4 exd4
9.Nxd4 Re8 10.h3 a6 11.Rb1 Rb8 12.Re1 Nc5 13.b3 Bd7 14.Bb2 h6 15.Qd2 Qc8
16.Kh2 Re5 17.g4 Bxg4 18.hxg4 Qxg4 19.f3 Rh5+ 20.Kg1 Qg3 21.Nde2 Qh2+ 22.Kf2 Rg5
23.Rg1 Re8 24.Kf1 Ncxe4 25.Nxe4 Nxe4 26.fxe4 Rxe4 27.Qd3 Reg4 28.Bxg7 Kxg7
29.Qc3+ Kg8 30.Qh3 Rxg2 31.Qxh2 Rxh2 32.Rxg5 hxg5 33.Re1 f5 34.Kg1 Rh4 35.Nc3 Kf7
36.Kg2 Rd4 37.Kf2 Rd2+ 38.Ke3 Rh2 39.b4 Rh3+ 40.Kd2 g4 41.Nd5 c6 42.Nf4 Ra3
43.Ne6 b5 44.Nd8+ Kf6 45.c5 dxc5 46.bxc5 Rxa2+ 47.Kd3 Ra3+ 48.Kd2 b4 49.Re6+ Kg5
50.Nxc6 Rc3 51.Nxb4 Rxc5 52.Rxa6 Re5 53.Nd3 Re8 54.Nc5 g3 55.Ne6+ Kg4 56.Ng7 Rd8+
57.Ke2 g5 58.Nxf5 Kxf5 59.Kf3 Rd3+ 60.Kg2 Re3 61.Ra4 Re4  1/2-1/2

[Event "ch-UKR"]
[Site "Simferopol UKR"]
[Date "2003.11.10"]
[Round "7"]
[White "Tatarinov,M"]
[Black "Kilimnik,E"]
[Result "1-0"]
[WhiteElo "2297"]
[BlackElo "2075"]

1.Nf3 Nf6 2.g3 g6 3.Bg2 Bg7 4.c4 d6 5.d4 O-O 6.Nc3 c6 7.O-O Nbd7 8.h3 e5
9.e4 Re8 10.Be3 Qc7 11.Qc2 Nf8 12.Rfd1 a6 13.a4 a5 14.Rac1 Bd7 15.c5 exd4
16.cxd6 Qc8 17.Nxd4 Bxh3 18.f3 Bxg2 19.Qxg2 Ne6 20.Ncb5 Nxd4 21.Bxd4 Rd8
22.Bb6 Rd7 23.Nc7 Rb8 24.Ba7 Ra8 25.Nxa8 Qxa8 26.Bd4 Qd8 27.Qf2 Ne8 28.Bxg7 Nxg7
29.e5 Ne6 30.Qe3 c5 31.Kg2 b6 32.Rh1 Nf8 33.Qe4 Qe8 34.Qd5 Ne6 35.Rh4 Qc8
36.Rch1 Nf8 37.Rc1 Qb7 38.Qxb7 Rxb7 39.Kf2 Ne6 40.Ke3 Kg7 41.Rch1 Nf8 42.Ke4  1-0

[Event "ch-IND A Women"]
[Site "Calicut IND"]
[Date "2003.11.11"]
[Round "4"]
[White "Sachdev,T"]
[Black "Harika,D"]
[Result "1/2-1/2"]
[WhiteElo "2218"]
[BlackElo "2353"]

1.d4 Nf6 2.c4 g6 3.g3 Bg7 4.Bg2 O-O 5.Nf3 d6 6.O-O Nc6 7.Nc3 Rb8 8.e4 Bg4
9.Be3 Nd7 10.Ne2 a6 11.Rc1 e5 12.d5 Ne7 13.Qd2 Bxf3 14.Bxf3 f5 15.Bg2 fxe4
16.Bxe4 Nf6 17.Bg2 Nf5 18.Bh3 Kh8 19.Nc3 Qe7 20.b4 b6 21.Qd3 Nxe3  1/2-1/2

[Event "Friendship GM"]
[Site "Cartak CZE"]
[Date "2003.11.11"]
[Round "1"]
[White "Bernasek,J"]
[Black "Ziegler,A"]
[Result "1-0"]
[WhiteElo "2365"]
[BlackElo "2353"]

1.d4 Nf6 2.c4 g6 3.Nf3 Bg7 4.g3 O-O 5.Bg2 d6 6.O-O Nbd7 7.Nc3 e5 8.e4 c6
9.h3 a5 10.Be3 exd4 11.Nxd4 Re8 12.Qc2 Nc5 13.Rad1 Qe7 14.Rfe1 Qf8 15.Nb3 Nxb3
16.axb3 Nd7 17.Rd2 Re6 18.Red1 f5 19.exf5 gxf5 20.Ne2 Ne5 21.Nf4 Rh6 22.c5 d5
23.Nxd5 cxd5 24.Bxh6 Bxh6 25.Rxd5 Nf7 26.c6 bxc6 27.Qxc6 Ra6 28.Qc4 Kh8 29.Rc5 Rd6
30.Re1 Rd8 31.Rc7 Nd6 32.Qh4 Rd7 33.Rxd7 Bxd7 34.Re7 Bc8 35.Qd4+ Bg7 36.Qxd6 Bf6
37.Rxh7+  1-0

[Event "Friendship GM"]
[Site "Cartak CZE"]
[Date "2003.11.14"]
[Round "5"]
[White "Bernasek,J"]
[Black "Dydyshko,V"]
[Result "0-1"]
[WhiteElo "2365"]
[BlackElo "2556"]

1.d4 Nf6 2.c4 g6 3.Nf3 Bg7 4.g3 O-O 5.Bg2 d6 6.O-O c6 7.Nc3 Qa5 8.h3 Qa6
9.Nd2 Nbd7 10.b4 Qb6 11.Rb1 Qxd4 12.Na4 Qe5 13.Bb2 Qe6 14.e4 Nb6 15.e5 dxe5
16.Nc5 Qd6 17.Qe2 Nbd7 18.Nd3 e4 19.Bxe4 Nxe4 20.Nxe4 Qc7 21.Bxg7 Kxg7 22.Qb2+ Kg8
23.c5 Rd8 24.Rbd1 Nf8 25.Kh2 Bf5 26.Qe2 Ne6 27.Qe3 Rd4 28.f3 Rad8 29.Nef2 R8d5
30.Nf4 Rxd1 31.Nxe6 Bxe6 32.Nxd1 Qd7 33.Nf2 Rd2 34.a3 Bxh3 35.Re1 Be6 36.g4 Qd4
37.Kg3 Qxe3 38.Rxe3 Ra2 39.g5 Kg7 40.Ne4 Ra1 41.Kf4 Rd1 42.Nc3 Rd2 43.Re2 Rxe2
44.Nxe2 f6 45.Nd4 Bd5 46.gxf6+ Kxf6 47.Ke3 h5 48.a4 h4 49.Ne2 g5 50.Ng1 Be6
51.Ne2 Ke5 52.f4+ gxf4+ 53.Nxf4 h3 54.Nd3+ Kf5 55.Kf3  0-1

[Event "ch-IND A Women"]
[Site "Calicut IND"]
[Date "2003.11.15"]
[Round "10"]
[White "Meenakshi,S"]
[Black "Meera,S"]
[Result "1-0"]
[WhiteElo "2288"]
[BlackElo "2160"]

1.d4 Nf6 2.c4 g6 3.Nf3 Bg7 4.g3 d6 5.Bg2 O-O 6.O-O c6 7.Nc3 Qa5 8.Nd2 e5
9.d5 c5 10.a3 Na6 11.Rb1 Ne8 12.Qa4 Qd8 13.b4 b6 14.Qc2 f5 15.e4 f4 16.gxf4 exf4
17.Re1 Qh4 18.b5 Nac7 19.Bb2 Bh3 20.Bxh3 Qxh3 21.f3 Bd4+ 22.Kh1 g5 23.Nd1 Bxb2
24.Qxb2 Nf6 25.Rg1 Qh4 26.e5 Rae8 27.e6 Nxe6 28.dxe6 Rxe6 29.Nc3 h5 30.Nde4 g4
31.Rbd1 g3 32.Rxd6 Rxd6 33.Nxd6 Ng4 34.Rg2 Nxh2 35.Rxh2 gxh2 36.Qxh2 Qxh2+
37.Kxh2 Rd8 38.Nce4 Kf8 39.Kh3 Ke7 40.Nf5+ Ke6 41.Ng7+ Ke5 42.Nxh5 Rd1 43.Nhf6 Kf5
44.Nd5 Rd3 45.Nd6+ Ke5 46.Nf7+ Kf5 47.Nd6+ Ke6 48.Nxf4+  1-0

[Event "Friendship IM"]
[Site "Cartak CZE"]
[Date "2003.11.18"]
[Round "9"]
[White "Volodin,V"]
[Black "Cedikova,K"]
[Result "1/2-1/2"]
[WhiteElo "2248"]
[BlackElo "2201"]

1.Nf3 Nf6 2.c4 g6 3.d4 Bg7 4.g3 O-O 5.Bg2 d6 6.O-O Nc6 7.Nc3 e5 8.d5 Ne7
9.e4 h6 10.Ne1 Nd7 11.Nd3 f5 12.Bd2 Nf6 13.f4 exf4 14.Nxf4 g5 15.Ne6 Bxe6
16.dxe6 Ng4 17.Qe2 Ne5 18.exf5 Nxf5 19.Bxb7 Rb8 20.Bd5 Kh8 21.b3 c6 22.Be4 Nd4
23.Qh5 Qe7 24.h4 Nxe6 25.Kg2 Rxf1 26.Rxf1 Rf8 27.Rf5 Kg8 28.Rxf8+ Bxf8 29.Bf5 Ng7
30.Qxh6 Nxf5 31.Qxg5+  1/2-1/2

[Event "Fakel Jamala"]
[Site "Noyabrsk RUS"]
[Date "2003.11.20"]
[Round "3"]
[White "Itkis,B"]
[Black "Kuznetsov,Vi2"]
[Result "1/2-1/2"]
[WhiteElo "2476"]
[BlackElo "2367"]

1.d4 Nf6 2.Nf3 g6 3.c4 Bg7 4.g3 O-O 5.Bg2 d6 6.Nc3 Nc6 7.O-O a6 8.h3 Rb8
9.e4 e5 10.dxe5 Nxe5 11.Nxe5 dxe5 12.Qxd8 Rxd8 13.Bg5 c6 14.c5 Be6 15.Rfd1 h6
16.Be3 Bf8 17.b3 Kg7 18.Na4 Be7 19.Bd2 Nd7 20.Rac1 f6 21.Ba5 Rdc8 22.Rc2 Kf7
23.Bf1 Ke8 24.Kg2 Bd8 25.Bd2 h5 26.Nb2 Be7 27.Rdc1 Bf7 28.f4 Nf8 29.fxe5 fxe5
30.Bc3 Nd7 31.Nd3 Bf6 32.Rf2 Ke7 33.Be2 Rf8 34.Rcf1 Bg7 35.g4 hxg4 36.Bxg4 Be6
37.Rxf8 Rxf8 38.Rxf8 Bxf8 39.Bxe5 Bxg4 40.hxg4 Ke6 41.Bd4 Bh6 42.Kf3 Bg5
43.Ke2 Kf7 44.Nb2 Bd8 45.Nc4 Ke6 46.b4 Bc7 47.Ke3 Bd8 48.e5 Kd5 49.Nd6 Bg5+
50.Kd3 Bf4 51.Nxb7 Bxe5 52.Be3 Bc7 53.Kc3 Nf6 54.g5 Nh7 55.Bd4 Bf4 56.Bf6 Nxf6
57.gxf6 Be5+ 58.Kd3 Bxf6 59.Na5 Bd8 60.Nc4 Bc7 61.Ne3+ Ke5 62.a4 g5 63.Ng4+ Kf5
64.Nh6+ Kg6 65.Ng4 Kf5 66.Nh6+  1/2-1/2

[Event "39th American Open"]
[Site "Los Angeles USA"]
[Date "2003.11.27"]
[Round "1"]
[White "Maldonado,O"]
[Black "Sharavdorj,D"]
[Result "1/2-1/2"]
[WhiteElo "2247"]
[BlackElo "2411"]

1.d4 Nf6 2.Nf3 g6 3.g3 Bg7 4.Bg2 O-O 5.c4 d6 6.O-O Nc6 7.Nc3 a6 8.Bg5 h6
9.Be3 Kh7 10.d5 Na5 11.b3 c5 12.dxc6 bxc6 13.Rc1 Bb7 14.c5 d5 15.Na4 Bc8
16.Nb6 Ra7 17.b4 Nb7 18.Qa4 Bd7 19.Nxd7 Qxd7 20.Ne5 Qc7 21.Bf4 Rc8 22.Bh3 e6
23.Nxg6 Qd8 24.Ne5 Qe8 25.Be3 Ne4 26.Nf3 Nd8 27.Nd2 Nf6 28.Bd4 Qh8 29.Qc2+ Kg8
30.e4 Nd7 31.Bxg7 Qxg7 32.Nb3 Ne5 33.Rfd1 Rb8 34.a3 Nc4 35.Nd4 Nxa3 36.Qa2 Rxb4
37.Nxc6 Nxc6 38.exd5 exd5 39.Qxa3 Qe5 40.Bg2 Rd4 41.Re1 Qb8 42.Qe3 Kg7 43.Red1 Re7
44.Qc3 Qe5 45.Re1 Qf6 46.Rxe7 Nxe7 47.Bf1 Nc6 48.Bxa6 Nb4 49.Bf1 Na2 50.Qc2 Nxc1
51.c6 Nd3 52.Bxd3 Rxd3 53.Qxd3 Qxc6 54.Qd4+ Kf8 55.Kg2 Ke7 56.Kf3 Qe6 57.h4 Qf5+
58.Qf4 Ke6 59.g4 Qxf4+ 60.Kxf4 f5 61.gxf5+ Kf6 62.Ke3 Kxf5 63.Kd4 Kf4 64.Kxd5 Kf3
65.Ke5 Kg4 66.Ke4 Kxh4 67.Ke3 Kh3  1/2-1/2

[Event "Kurent Women"]
[Site "Ptuj SLO"]
[Date "2003.12.04"]
[Round "7"]
[White "Medic,Mir"]
[Black "Mihevc,N"]
[Result "1-0"]
[WhiteElo "2271"]
[BlackElo "2145"]

1.d4 Nf6 2.Nf3 g6 3.c4 Bg7 4.g3 O-O 5.Bg2 d6 6.Nc3 c6 7.O-O Qb6 8.h3 Na6
9.b3 e5 10.e4 exd4 11.Na4 Qc7 12.Nxd4 Re8 13.Re1 Bd7 14.Bf4 Nh5 15.Be3 Nc5
16.Nc3 a5 17.Qc2 Rad8 18.Rad1 Bc8 19.a3 Qe7 20.b4 axb4 21.axb4 Ne6 22.Nf3 Nc7
23.g4 Nf6 24.Bf4 Be6 25.Qd3 d5 26.exd5 cxd5 27.c5 d4 28.Nxd4 Ncd5 29.Bd6 Qd7
30.Nxe6 Nxc3 31.Nxg7 Rxe1+ 32.Rxe1 Na4 33.g5  1-0

[Event "TCh-CZE Extraliga 2003-4"]
[Site "Czech Rep CZE"]
[Date "2003.12.07"]
[Round "4"]
[White "Neckar,L"]
[Black "Karlik,V"]
[Result "0-1"]
[WhiteElo "2308"]
[BlackElo "2296"]

1.Nf3 g6 2.d4 Bg7 3.g3 d6 4.Bg2 Nf6 5.c4 O-O 6.Nc3 c6 7.O-O Bf5 8.Qb3 Qc7
9.Re1 e5 10.e4 Bg4 11.Be3 Nbd7 12.Nd2 exd4 13.Bxd4 Be6 14.Qc2 c5 15.Nd5 Bxd5
16.cxd5 b5 17.b3 Ne8 18.Bxg7 Nxg7 19.a4 a6 20.f4 Rac8 21.Bf1 Qb6 22.Kh1 Rfe8
23.axb5 axb5 24.Qd3 Rb8 25.Bh3 Qb7 26.Ra5 Nf6 27.Rea1 Qe7 28.Ra7 Rb7 29.Rxb7 Qxb7
30.Ra5 Rb8 31.Bf1 Qe7 32.Qe2 h5 33.h3 Re8  0-1

[Event "22nd SEA Games Standard"]
[Site "Ho Chi Minh City VIE"]
[Date "2003.12.09"]
[Round "2"]
[White "Adianto,U"]
[Black "Chaivichit,S"]
[Result "1-0"]
[WhiteElo "2581"]
[BlackElo "2264"]

1.d4 Nf6 2.c4 g6 3.Nf3 Bg7 4.g3 O-O 5.Bg2 d6 6.O-O Nc6 7.Nc3 e5 8.d5 Ne7
9.e4 c5 10.dxc6 bxc6 11.Re1 Qc7 12.Be3 Ng4 13.h3 Nxe3 14.Rxe3 Be6 15.b3 h6
16.Rc1 Rac8 17.Ne1 f5 18.Nd3 f4 19.Re1 Qd7 20.Kh2 g5 21.c5 Ng6 22.cxd6 Qxd6
23.Na4 Rcd8 24.Nac5 Bc8 25.Bf3 Qf6 26.Bg4 Rd4 27.Rc2 Kh7 28.Bxc8 Rxc8 29.Qg4 Rcd8
30.Nb2 Nf8 31.Qf5+ Qxf5 32.exf5 Rd2 33.Re2 Rxc2 34.Rxc2 Rd4 35.Nc4 e4 36.Re2 fxg3+
37.fxg3 Rd5 38.Nxe4 Rxf5 39.Ned6 Rf1 40.Kg2 Ra1 41.Nf5 Bf6 42.Ne7 c5 43.Nc6 a6
44.Nb8 Bd4 45.Nxa6 h5 46.Nc7 h4 47.gxh4 Ng6 48.Kf3 Rf1+ 49.Ke4 Rf4+ 50.Kd5 Rxh4
51.Ne6 Nf4+ 52.Nxf4 Rxf4 53.a4 Rf3 54.a5 Rxb3 55.a6 Rb4 56.Ra2 Rb8 57.a7 Re8
58.Nb6  1-0

[Event "22nd SEA Games Standard"]
[Site "Ho Chi Minh City VIE"]
[Date "2003.12.09"]
[Round "3"]
[White "Leong,L"]
[Black "Bao Quang"]
[Result "1/2-1/2"]
[WhiteElo "2263"]
[BlackElo "2341"]

1.d4 Nf6 2.c4 g6 3.Nf3 Bg7 4.g3 O-O 5.Bg2 d6 6.O-O Nbd7 7.Nc3 c6 8.h3 e5
9.e4 Qe7 10.Re1 b6 11.Rb1 Bb7 12.d5 c5 13.a3 Ne8 14.b4 h6 15.Nd2 f5 16.Nb3 Rc8
17.Bf1 f4 18.Nb5 Qf7 19.Rb2 Ra8 20.bxc5 dxc5 21.a4 Ndf6 22.Ra2 fxg3 23.fxg3 Nh5
24.Re3 Ba6 25.Bg2 Bxb5 26.axb5 Nd6 27.Qd3 Qe7 28.Ree2 Kh7 29.Kh2 Rf7 30.Rf2 Rxf2
31.Rxf2 a5 32.bxa6 Rxa6 33.Bf3 Nf6 34.Rc2 Qa7 35.Be3 Ra2 36.Nd2 Rxc2 37.Qxc2 Qa3
38.Bf2 h5 39.Be2 Bh6 40.Nf3 Be3 41.Be1 Bd4 42.Bd3 Kg7 43.Bd2 Qa1 44.Kg2 Nd7
45.Bc1 Nf7 46.Qd2 Bc3 47.Qc2 Bd4 48.Qd2 Qa5 49.Ng5 Nxg5 50.Qxg5 Nf6 51.Qd2 Qa4
52.Qc2 Qa1 53.Kf3 Kf7 54.Ke2 Ne8 55.Qb1 Qxb1 56.Bxb1 Nd6 57.Bd3 b5 58.cxb5 c4
59.Bc2 Nxb5 60.Bd2 Bc5 61.Ba4 Nd4+ 62.Kd1 Kf6 63.Be8 Ba3 64.Ba5 Bb2 65.Bd8+ Kg7
66.Bc7 Kf6 67.Bd8+ Kg7 68.Bc7  1/2-1/2

[Event "Salona GM"]
[Site "Solin-Split CRO"]
[Date "2003.12.15"]
[Round "4"]
[White "Cvitan,O"]
[Black "Armanda,I"]
[Result "1/2-1/2"]
[WhiteElo "2516"]
[BlackElo "2365"]

1.d4 Nf6 2.Nf3 g6 3.c4 Bg7 4.g3 O-O 5.Bg2 d6 6.Nc3 Nc6 7.O-O Bf5 8.Ne1 Qd7
9.e4 Bh3 10.d5 Nd8 11.Nd3 Bxg2 12.Kxg2 Ng4 13.h3 Ne5 14.Nxe5 Bxe5 15.Bh6 Re8
16.Qd2 c6 17.Rac1 cxd5 18.exd5 Rc8 19.b3 a6 20.Na4 Qf5 21.Nb6 Rc7 22.Rfe1 Bg7
23.Bxg7 Kxg7 24.Rc3 g5 25.Rf3 Qg6 26.Qd4+ f6 27.Rfe3 Nf7 28.Kh2 Ne5 29.f4 Qc2+
30.Kh1 gxf4 31.gxf4 Ng6 32.Qe4 Qxe4+ 33.Rxe4 f5 34.Rd4 Kf7 35.Kh2 Rg8 36.Re3 Nf8
37.Rd2 Nd7 38.Nxd7 Rxd7 39.a4 b5 40.cxb5 axb5 41.a5 b4 42.Rg3 Ra8 43.Rdg2 Rxa5
44.Rg7+ Kf6 45.Rxh7 Rxd5  1/2-1/2

[Event "1st GM"]
[Site "Kish IRI"]
[Date "2003.12.16"]
[Round "5"]
[White "Ravi,L"]
[Black "Bojkov,D"]
[Result "1-0"]
[WhiteElo "2457"]
[BlackElo "2398"]

1.d4 Nf6 2.Nf3 g6 3.c4 Bg7 4.g3 O-O 5.Bg2 d6 6.O-O Nbd7 7.Nc3 e5 8.e4 c6
9.b3 Re8 10.h3 exd4 11.Nxd4 Nc5 12.Re1 Nfd7 13.Be3 a5 14.Qc2 Qb6 15.Rab1 Qb4
16.Nce2 Nf6 17.f3 d5 18.cxd5 cxd5 19.a3 Qb6 20.b4 Ne6 21.e5 Nd7 22.f4 axb4
23.axb4 Ndf8 24.Nf5 Qc6 25.Qxc6 bxc6 26.Nd6 Re7 27.Rec1 Bd7 28.b5 cxb5 29.Bxd5 Rb8
30.Nc3 Nc7 31.Bg2 Nfe6 32.Ba7 Rd8 33.Nce4 Be8 34.Bb6 Rb8 35.Ba5 Kh8 36.h4 h5
37.Rb2 Ra8 38.Bb6 Rb8 39.Ba7 Ra8 40.Bf2 Rb8 41.Be1 Nd4 42.Bf2 Nde6 43.Kh2 Bd7
44.Nf6 Be8 45.Nfxe8 Nxe8 46.Rxb5 Rxb5 47.Nxb5 f6 48.Rc8 Kh7 49.Bc6 N8c7 50.Nxc7 Rxc7
51.Rxc7 Nxc7 52.Bb6 Ne6 53.Bd7 Nxf4 54.e6 Nxe6 55.Bxe6 Bh6 56.Kg2 Bd2 57.Kf3 Be1
58.Be3 Kg7 59.Bf4 Bc3 60.Bc4 Bb2 61.Ke4 Bc3 62.Kd5 Bb2 63.Be3 Be5 64.Bf4 Bb2
65.Ke6 Bc3 66.Be2 Be1 67.Bd6 Bc3 68.Ke7 Bd4 69.Ke8 Bf2 70.Bd3 g5 71.Bf8+ Kg8
72.Bc4+ Kh7 73.Kf7  1-0

[Event "Christmas Open"]
[Site "Zadar CRO"]
[Date "2003.12.16"]
[Round "3"]
[White "Kuljasevic,D"]
[Black "Stevic,H"]
[Result "0-1"]
[WhiteElo "2429"]
[BlackElo "2555"]

1.d4 Nf6 2.Nf3 g6 3.c4 Bg7 4.g3 d6 5.Bg2 O-O 6.Nc3 Nbd7 7.O-O e5 8.e4 a6
9.h3 b5 10.Qc2 c6 11.Rd1 Qe7 12.c5 dxc5 13.dxe5 Ne8 14.Bg5 Qe6 15.Be3 Qe7
16.a4 Bb7 17.axb5 axb5 18.Rxa8 Bxa8 19.Qd2 Nxe5 20.Nxe5 Bxe5 21.f4 Bd4 22.Bxd4 cxd4
23.Qxd4 Ng7 24.Qb6 b4 25.Na4 Ne6 26.f5 Ng7 27.Qf2 gxf5 28.exf5 Qg5 29.g4 h5
30.Rd3 Rd8 31.Rxd8+ Qxd8 32.Nb6 hxg4 33.hxg4 Bb7 34.Bf3 c5 35.Bxb7 Qxb6 36.Bd5 Qd6
37.Qf3 Qe5 38.b3 Ne8 39.g5 Qe1+ 40.Kg2 Qd2+ 41.Kf1 Qxg5 42.Bc4 Nd6 43.Bd3 Kg7
44.Qd5 Qf4+ 45.Ke2 Kf6 46.Qc6 Qe5+ 47.Kd2 Qc3+ 48.Ke2 Qb2+ 49.Ke3 Qd4+ 50.Ke2 Ke5
51.Qc7 Kf4 52.Kd2 Qc3+ 53.Ke2 Qe5+ 54.Kd1 Ke3 55.Be2 Qd4+ 56.Ke1  0-1

[Event "Christmas Open"]
[Site "Zadar CRO"]
[Date "2003.12.18"]
[Round "5"]
[White "Blagojevic,D"]
[Black "Krstic,U"]
[Result "1-0"]
[WhiteElo "2521"]
[BlackElo "2388"]

1.d4 Nf6 2.c4 g6 3.Nf3 Bg7 4.g3 O-O 5.Bg2 d6 6.O-O Nc6 7.Nc3 a6 8.h3 Rb8
9.Be3 h6 10.Rc1 e6 11.Qd2 Kh7 12.b3 Ne7 13.Qd3 b5 14.Nd2 Nf5 15.cxb5 Nxe3
16.fxe3 axb5 17.Nxb5 Ba6 18.a4 d5 19.Rc6 Rb6 20.Rfc1 Qb8 21.Rxc7 Ne8 22.R7c6 Nd6
23.R1c5 Rxc6 24.Rxc6 Bxb5 25.axb5 Nxb5 26.Kh2 Rd8 27.h4 h5 28.Nf3 Nd6 29.Ng5+ Kg8
30.Bh3 e5 31.dxe5 Bxe5 32.Qxd5 Bxg3+ 33.Kg2 Bxh4 34.Rxd6 Bxg5 35.Rxg6+ Kf8
36.Qf3 Qe5 37.Be6 f6 38.Rg8+ Ke7 39.Qb7+ Kxe6 40.Rxd8  1-0

[Event "Christmas Open"]
[Site "Zadar CRO"]
[Date "2003.12.19"]
[Round "7"]
[White "Kuljasevic,D"]
[Black "Zufic,M"]
[Result "1/2-1/2"]
[WhiteElo "2429"]
[BlackElo "2366"]

1.d4 Nf6 2.Nf3 g6 3.c4 Bg7 4.g3 O-O 5.Bg2 d6 6.Nc3 Nc6 7.O-O a6 8.Re1 Rb8
9.Rb1 Na5 10.b3 b5 11.cxb5 axb5 12.a3 Bb7 13.e4 c5 14.d5 Qb6 15.h3 Nd7 16.Qc2 Ba6
17.Be3 Rbc8 18.Bf1 Qb7 19.a4 b4 20.Nb5 Nb6 21.Qa2 f5 22.Ng5 fxe4 23.Bg2 c4
24.bxc4 b3 25.Qe2 Nbxc4 26.Bxe4 Nxe3 27.Qxe3 Nc4 28.Qxb3 Nd2 29.Qe3 Nxb1
30.Rxb1 Qd7 31.Ne6 Rf6 32.Na7 Ra8 33.Nc6 Bb7 34.Qb3 Ba6 35.a5 Kh8 36.Qe3 Bb7
37.Qb6 Bxc6 38.Qxc6 Qxc6 39.dxc6 Rxe6 40.c7 Rf8 41.Bb7 Re2 42.Rc1 Bd4 43.c8=Q Rxc8
44.Rxc8+ Kg7 45.a6 Rxf2 46.Kh1 Ra2 47.Rc4 Bc5 48.Re4 e5 49.Rc4 Kf6 50.Rc1 h5
51.Rc3 Ra4 52.Rc1 e4 53.Bc6 Rxa6 54.Bxe4 Ra2 55.Rd1 g5 56.Bf3 h4 57.gxh4 gxh4
58.Re1  1/2-1/2

[Event "ch-Arab m"]
[Site "Cairo EGY"]
[Date "2003.12.25"]
[Round "6"]
[White "Adly,A"]
[Black "Hakki,I"]
[Result "1/2-1/2"]
[WhiteElo "2448"]
[BlackElo "2454"]

1.d4 Nf6 2.c4 g6 3.Nf3 Bg7 4.g3 O-O 5.Bg2 d6 6.O-O Nc6 7.Nc3 Bf5 8.Ne1 Na5
9.e4 Bg4 10.f3 Bd7 11.Qe2 c5 12.dxc5 dxc5 13.Be3 Ne8 14.Rc1 b6 15.f4 Nd6
16.b3 Nc6 17.e5 Nf5 18.Rd1 Qc8 19.Nf3 Nxe3 20.Qxe3 Bh3 21.Rd2 Bxg2 22.Kxg2 Qb7
23.Rfd1 Rad8 24.Qe4 Rxd2+ 25.Rxd2  1/2-1/2

[Event "Open"]
[Site "Lilie Litomysl CZE"]
[Date "2003.12.28"]
[Round "4"]
[White "Konopka,M"]
[Black "Stehno,P"]
[Result "1-0"]
[WhiteElo "2451"]
[BlackElo "2310"]

1.Nf3 g6 2.d4 Bg7 3.g3 Nf6 4.Bg2 O-O 5.c4 d6 6.O-O Nbd7 7.Nc3 e5 8.e4 a6
9.h3 b5 10.Qc2 c6 11.c5 dxc5 12.dxe5 Ne8 13.Bg5 f6 14.exf6 Bxf6 15.Bxf6 Qxf6
16.Rfe1 Ne5 17.Nxe5 Qxe5 18.f4 Qc7 19.e5 Be6 20.Rad1 c4 21.Qf2 Bf5 22.Nd5 Qf7
23.Nb4 Nc7 24.Rd6 Rae8 25.Nxc6 Bd3 26.Qa7 g5 27.e6 Qg7 28.e7 gxf4 29.exf8=R+ Rxf8
30.gxf4  1-0

[Event "North American Open"]
[Site "Las Vegas USA"]
[Date "2003.12.29"]
[Round "6"]
[White "Baburin,A"]
[Black "Matikozian,A"]
[Result "0-1"]
[WhiteElo "2541"]
[BlackElo "2450"]

1.d4 Nf6 2.c4 g6 3.Nf3 Bg7 4.g3 O-O 5.Bg2 d6 6.O-O c6 7.Nc3 Qa5 8.e4 e5 9.h3 exd4
10.Nxd4 Qc5 11.Nb3 Qb4 12.Bf4 Ne8 13.c5 dxc5 14.a3 Qc4 15.Rc1 b6 16.Nd5 Qa6
17.Ne7+ Kh8 18.Bxb8 Rxb8 19.Nxc6 Rb7 20.e5 Rc7 21.Re1 Be6 22.Nd2 Qc8 23.Qf3 Bxh3
24.Bh1 Bh6  0-1

[Event "Open"]
[Site "Lilie Litomysl CZE"]
[Date "2003.12.29"]
[Round "5"]
[White "Bernasek,J"]
[Black "Valenta,V jr"]
[Result "1-0"]
[WhiteElo "2365"]
[BlackElo "2184"]

1.d4 Nf6 2.c4 g6 3.Nf3 d6 4.g3 Bg7 5.Bg2 O-O 6.O-O Nbd7 7.Nc3 e5 8.e4 c6
9.h3 Qc7 10.Be3 Re8 11.Re1 Nf8 12.Qc2 a6 13.Rac1 b5 14.cxb5 cxb5 15.Bg5 N8d7
16.Qd2 Qa5 17.a3 Bb7 18.d5 Rec8 19.h4 Nb6 20.Bh3 Re8 21.Rc2 Nc4 22.Qc1 Bc8
23.Bg2 Bd7 24.Na2 Qd8 25.b3 Nb6 26.Ree2 Qb8 27.Ne1 Rc8 28.Nd3 a5 29.Rxc8+ Qxc8
30.Rc2 Qd8 31.Bd2 a4 32.bxa4 Rxa4 33.Bb4 Nc4 34.Nb2 Nxb2 35.Qxb2 Bf8 36.Qc1 Ra8
37.Nc3 Ne8 38.Kh2 f5 39.Bh3 Bh6 40.exf5 gxf5 41.Qd1 f4 42.Bxd7 Qxd7 43.Ne4 fxg3+
44.fxg3 Be3 45.Qh5 Rd8 46.Bxd6 Qf7 47.Qg4+ Qg6 48.Qxg6+ hxg6 49.Bb4 Kf7 50.Rc3 Bd4
51.Rf3+ Kg7 52.Ng5 Rxd5 53.Rf7+  1-0